000 00739cam a22002533a 4500
001 11645
003 PGUSA
005 20140828083239.0
008 040301s2004||||xxu|||||s|||||000 1 eng d
040 _aPGUSA
_beng
042 _adc
050 4 _aPQ
100 1 _aFrance, Anatole,
_d1844-1924
245 1 0 _aLa rôtisserie de la Reine Pédauque
_h[electronic resource] /
_cAnatole France
260 _bProject Gutenberg,
_c2004
506 _aPublic domain in the USA.
516 _aElectronic text
653 _aMary, of Egypt, Saint -- Fiction
653 _aChristian women saints -- Fiction
653 _aEgypt -- Fiction
830 0 _aProject Gutenberg
_v11645
856 4 0 _uhttp://www.gutenberg.org/ebooks/11645
942 _cEB
999 _c240900
_d240900